| 000 | 01408cam a22003857a 4500 | ||
|---|---|---|---|
| 003 | CHAP | ||
| 005 | 20230607094734.0 | ||
| 008 | 990322d1998 mx r 00110 spa d | ||
| 010 | _a77338 | ||
| 011 | _a78310 | ||
| 035 | _a88200 | ||
| 040 | _cCHAP | ||
| 090 | _aTesis | ||
| 100 | 0 | 0 |
_aTorres Melendrez, Alberto. _9114168 |
| 245 | 0 |
_aEfecto de relaciones NO3/NH4 + y K + en condiciones nutrimentales en vid cv Perlette Seedless _c/por Alberto Torres Meléndez |
|
| 260 |
_aChapingo, Méx. : _bEl autor, _c1998. |
||
| 300 |
_a114 h. : _bgráfs. ; cuadros |
||
| 502 | _aTesis (Ing. Agr. Esp. en Suelos) --UACH. Departamento de Suelos | ||
| 590 |
_aALEPH _b10 _c20130110 _lUCH01 _h1429 |
||
| 590 |
_aBATCH-UPD _b10 _c20130110 _lUCH01 _h0014 |
||
| 590 |
_aBATCH-UPD _b10 _c20130110 _lUCH01 _h0534 |
||
| 590 |
_aBATCH-UPD _b10 _c20130410 _lUCH01 _h0214 |
||
| 590 |
_aBATCH-UPD _b10 _c20130914 _lUCH01 _h0638 |
||
| 590 |
_aCONVERSION _b10 _c20130109 _lUCH01 _h1343 |
||
| 650 | 1 | 7 |
_aDióxido de carbono _xEfecto en plantas _2 _912848 |
| 650 | 1 | 4 |
_aCultivos en invernadero. _930376 |
| 650 | 1 | 4 |
_aHidroponía. _955280 |
| 650 | 1 | 4 |
_aVid _xElementos minerales. _9119107 |
| 901 | _aBK | ||
| 905 | _aMayto Villalobos S. | ||
| 942 | _cFOLL | ||
| 949 |
_bBC _cTES _d33724000711826 _eTS2 _fc.2 _h33559 _i88200 _sb |
||
| 949 |
_bBC _cTES _d33724000752465 _eTS2 _fc.3 _h35642 _i88200 _si |
||
| 949 |
_bBC _cTES _d882001 _eTS1 _h33558 _i88200 _sb |
||
| 999 |
_c77338 _d77338 |
||